LEADER 00850nam0-22002891i-450- 001 990004815630403321 005 20071022121112.0 035 $a000481563 035 $aFED01000481563 035 $a(Aleph)000481563FED01 035 $a000481563 100 $a19990604g19619999km-y0itay50------ba 101 0 $ager 105 $ay-------001yy 200 1 $a<<"Der >>Rest ist Dank"$eZwei Reden, Werner Weber$fFriedrich Durrenmatt 210 $aZurich$cArche$dc1961. 215 $a32 p.$d19 cm 225 1 $a<>kleinen Bucher der Arche$v331 700 1$aWeber,$bWerner$f<1919- >$0304348 702 1$aDürrenmatt,$bFriedrich$f<1921-1990> 801 0$aIT$bUNINA$gRICA$2UNIMARC 901 $aBK 912 $a990004815630403321 952 $aALPHA 3380$bFil. Mod. 30512$fFLFBC 959 $aFLFBC 996 $aRest ist Dank"$9518675 997 $aUNINA LEADER 00921nam0-2200313---450- 001 990009387080403321 005 20110628113557.0 035 $a000938708 035 $aFED01000938708 035 $a(Aleph)000938708FED01 035 $a000938708 100 $a20110628g19661966km-y0itay50------ba 101 0 $aita 102 $aIT 105 $ay-------001yy 200 1 $aFisiologia e fisiopatologia della respirazione$fGiuseppe Di Maria$fPrefazione del Prof. Attilio Omodei Zorini 210 $aNapoli$cIdelson$d1966- 215 $av.$d24 cm 610 0 $aRespirazione 676 $a612.2$v16$zita 700 1$aDi Maria,$bGiuseppe$f<1913- >$0511665 702 1$aOmodei-Zorini,$bAttilio 801 0$aIT$bUNINA$gRICA$2UNIMARC 901 $aBK 912 $a990009387080403321 952 $aIV C 34$bs.i.$fDMVSF 959 $aDMVSF 996 $aFisiologia e fisiopatologia della respirazione$9764445 997 $aUNINA